[Event "9th Sinquefield Cup 2022"]
[Site "Saint Louis USA"]
[Date "2022.09.09"]
[Round "7.1"]
[White "Mamedyarov,S"]
[Black "Nepomniachtchi,I"]
[Result "1/2-1/2"]
[WhiteTitle "GM"]
[BlackTitle "GM"]
[WhiteElo "2757"]
[BlackElo "2792"]
[WhiteFideId "13401319"]
[BlackFideId "4168119"]
[EventDate "2022.09.02"]

1. d4 Nf6 2. c4 e6 3. Nc3 Bb4 4. Qc2 O-O 5. e4 d5 6. e5 Ne4 7. Bd3 c5 8. Nf3
cxd4 9. Nxd4 Nd7 10. Bf4 Qh4 11. g3 Qh5 12. O-O g5 13. cxd5 Nxc3 14. dxe6 gxf4
15. exd7 fxg3 16. hxg3 Bxd7 17. bxc3 Rac8 18. Qd1 Qxd1 19. Raxd1 Bxc3 20. Bf5
Rc4 21. Bxd7 Rxd4 22. Rxd4 Bxd4 23. Re1 Rd8 24. e6 fxe6 25. Bxe6+ Kg7 26. Kg2
Re8 27. Re4 Bc5 28. Bd5 Rxe4 29. Bxe4 b6 30. f4 h6 31. Kf3 Kf6 32. Kg2 Kg7 33.
Kf3 Kf6 34. Kg2 Kg7 1/2-1/2

[Event "9th Sinquefield Cup 2022"]
[Site "Saint Louis USA"]
[Date "2022.09.09"]
[Round "7.3"]
[White "Vachier Lagrave,M"]
[Black "Niemann,Hans Moke"]
[Result "1/2-1/2"]
[WhiteTitle "GM"]
[BlackTitle "GM"]
[WhiteElo "2757"]
[BlackElo "2688"]
[WhiteFideId "623539"]
[BlackFideId "2093596"]
[EventDate "2022.09.02"]

1. Nf3 d5 2. g3 Nf6 3. Bg2 c5 4. O-O g6 5. d4 cxd4 6. Nxd4 Bg7 7. c4 O-O 8. cxd5
Nxd5 9. Nb3 Nb4 10. Nc3 N8c6 11. Bd2 Bf5 12. Rc1 Rc8 13. a3 Na6 14. Be3 Be6 15.
Qc2 Bf5 16. Be4 Qd7 17. Rfd1 Qe6 18. Bxf5 gxf5 19. Nd4 Nxd4 20. Bxd4 Nc5 21.
Bxg7 Kxg7 22. Rd5 Ne4 23. Qd3 Rc6 24. Rd1 Nxc3 25. bxc3 Rfc8 26. c4 Rxc4 27.
Rxf5 Qe4 28. Qxe4 Rxe4 29. Rd7 b6 30. e3 a5 31. Rg5+ Kf6 32. Rb5 Re6 33. Rd4 Kg7
34. Rf4 Rf6 35. Rxf6 exf6 36. Rxb6 Rc3 37. Ra6 Rxa3 38. g4 Ra1+ 39. Kg2 a4 40.
h4 h6 41. Kf3 a3 42. h5 Ra2 43. Kg3 Ra1 44. Kf4 Ra2 45. Kf3 Ra1 46. e4 Ra2 47.
Ke3 Ra1 48. Kf4 Ra2 49. f3 Ra1 50. Kf5 a2 51. f4 Kg8 52. Ra8+ Kg7 53. Ra6 Kg8
54. Ra8+ Kg7 55. Ra6 1/2-1/2

[Event "9th Sinquefield Cup 2022"]
[Site "Saint Louis USA"]
[Date "2022.09.09"]
[Round "7.4"]
[White "Caruana,F"]
[Black "Aronian,L"]
[Result "1/2-1/2"]
[WhiteTitle "GM"]
[BlackTitle "GM"]
[WhiteElo "2758"]
[BlackElo "2759"]
[WhiteFideId "2020009"]
[BlackFideId "13300474"]
[EventDate "2022.09.02"]

1. e4 e5 2. Nf3 Nc6 3. Bb5 Nf6 4. d3 Bc5 5. c3 d5 6. exd5 Qxd5 7. Bc4 Qd6 8. b4
Bb6 9. a4 O-O 10. Nbd2 Bf5 11. Ba3 e4 12. dxe4 Nxe4 13. Nxe4 Bxe4 14. Qxd6 cxd6
15. O-O-O Rac8 16. Bd5 Bxd5 17. Rxd5 Ne5 18. Nxe5 dxe5 19. Kc2 Bxf2 20. b5 Rfd8
21. Rhd1 Bb6 22. Bb4 a5 23. bxa6 bxa6 24. Rxe5 Rxd1 25. Kxd1 Bc7 26. Rc5 Rd8+
27. Kc2 Bxh2 28. Rc6 Ra8 29. c4 h5 30. Kd3 Rd8+ 31. Kc2 Rd4 32. a5 h4 33. Rxa6
Rxc4+ 34. Kb3 Rc1 35. Bc3 Kh7 36. Ra7 Rg1 37. Rxf7 Rxg2 38. a6 Bg1 39. a7 Bxa7
40. Rxa7 h3 41. Be5 h2 42. Rxg7+ Rxg7 43. Bxh2 Kh8 44. Be5 Kg8 45. Bxg7 1/2-1/2

[Event "9th Sinquefield Cup 2022"]
[Site "Saint Louis USA"]
[Date "2022.09.10"]
[Round "8.1"]
[White "Niemann,Hans Moke"]
[Black "Caruana,F"]
[Result "0-1"]
[WhiteTitle "GM"]
[BlackTitle "GM"]
[WhiteElo "2688"]
[BlackElo "2758"]
[WhiteFideId "2093596"]
[BlackFideId "2020009"]
[EventDate "2022.09.02"]

1. c4 e5 2. Nc3 Bb4 3. Nd5 a5 4. a3 Bc5 5. Nf3 d6 6. e3 c6 7. d4 Ba7 8. Nc3 Nd7
9. b4 Ngf6 10. Bb2 O-O 11. Be2 exd4 12. Nxd4 Ne5 13. h3 Re8 14. O-O Bd7 15. Qd2
Bb6 16. Rad1 axb4 17. axb4 Qc8 18. f4 Ng6 19. Kh2 c5 20. bxc5 Qxc5 21. g4 Ba5
22. Qd3 Bxc3 23. Qxc3 Ne4 24. Qd3 Qb4 25. Rb1 Nd2 26. Bc3 Nxf1+ 27. Bxf1 Ra2+
28. Kg1 Qa4 29. Rxb7 Nh4 30. Bb2 Qa8 31. Qb3 Ra7 32. Rxa7 Qxa7 33. Qc3 f6 34.
Qd2 Qxd4 35. Qxd4 Nf3+ 36. Kf2 Nxd4 37. Bxd4 Rc8 38. Bg2 Kf8 39. Bd5 Ke7 40. f5
Ba4 41. Ke2 Bb3 42. Kd3 Ba2 43. Ba7 Bb3 44. Kd4 h5 45. gxh5 Rh8 46. Bf3 Bc2 47.
Bg4 Ra8 48. Bb6 Ra3 49. c5 Rd3+ 50. Kc4 dxc5 51. Bxc5+ Kf7 52. Bd4 Ra3 53. Bc3
Be4 54. Kd4 Ra4+ 55. Kc5 Bc2 56. Bb4 Ra1 57. Kd4 Rf1 58. Be2 Rxf5 59. Bd6 Bb3
60. Bf4 Ra5 61. h4 Kg8 62. h6 g6 63. Bc7 Rd5+ 64. Kc3 Rc5+ 65. Kxb3 Rxc7 66. Bd3
f5 67. h5 gxh5 68. Bxf5 h4 69. e4 Rc5 0-1

[Event "9th Sinquefield Cup 2022"]
[Site "Saint Louis USA"]
[Date "2022.09.10"]
[Round "8.2"]
[White "Aronian,L"]
[Black "Nepomniachtchi,I"]
[Result "0-1"]
[WhiteTitle "GM"]
[BlackTitle "GM"]
[WhiteElo "2759"]
[BlackElo "2792"]
[WhiteFideId "13300474"]
[BlackFideId "4168119"]
[EventDate "2022.09.02"]

1. e4 e5 2. Nf3 Nf6 3. Nxe5 d6 4. Nf3 Nxe4 5. d4 d5 6. Bd3 Bd6 7. O-O O-O 8. c4
c6 9. Re1 Bf5 10. Qc2 Bg6 11. c5 Bc7 12. Nbd2 f5 13. Qb3 Rf7 14. Bc2 h6 15. Nf1
a5 16. a4 Na6 17. Bd2 Bh5 18. Rad1 Qf6 19. Ng3 Bxf3 20. Qxf3 Bxg3 21. hxg3 Qxd4
22. Bxa5 Qxb2 23. Re2 Naxc5 24. Be1 Qf6 25. a5 Rd8 26. Bb1 Rfd7 27. Qa3 d4 28.
Bb4 Na6 29. Be1 c5 30. g4 g6 31. Qc1 Kg7 32. gxf5 gxf5 33. Rd3 Re7 34. Rf3 Rde8
35. Rxe4 Rxe4 36. Bxe4 Rxe4 37. Bd2 Qe6 38. Qb1 Qd5 39. Rh3 Re6 40. Qc1 Rg6 41.
Bxh6+ Kf6 42. f3 Nc7 43. Qf4 Ne6 44. Qb8 Qa2 45. g4 fxg4 46. Qh8+ Kf7 47. Rg3
Qb1+ 48. Kh2 Qc2+ 49. Kh1 Qd1+ 50. Kh2 Qe2+ 51. Rg2 g3+ 52. Kh3 Qf1 0-1

[Event "9th Sinquefield Cup 2022"]
[Site "Saint Louis USA"]
[Date "2022.09.10"]
[Round "8.4"]
[White "Dominguez Perez,L"]
[Black "Mamedyarov,S"]
[Result "1/2-1/2"]
[WhiteTitle "GM"]
[BlackTitle "GM"]
[WhiteElo "2745"]
[BlackElo "2757"]
[WhiteFideId "3503240"]
[BlackFideId "13401319"]
[EventDate "2022.09.02"]

1. e4 e5 2. Nf3 Nc6 3. Bb5 a6 4. Ba4 Nf6 5. O-O Nxe4 6. d4 b5 7. Bb3 d5 8. dxe5
Be6 9. c3 Be7 10. Nbd2 Nc5 11. Bc2 d4 12. Nb3 d3 13. Bb1 Nxb3 14. axb3 Bf5 15.
b4 O-O 16. h3 Qd7 17. Re1 Rfd8 18. Re3 h5 19. Ba2 Be6 20. Bb1 Bf5 21. Ba2 Be6
22. Bd2 g6 23. Bb1 Bf5 24. Ba2 Be6 25. Bxe6 Qxe6 26. Ne1 a5 27. Nxd3 axb4 28.
Rxa8 Rxa8 29. cxb4 Rd8 30. Qf1 Nd4 31. Bc3 Qf5 32. Ne1 c6 33. Qd3 Qd7 34. Qe4
Ne6 35. Rd3 Qc8 36. Rxd8+ Bxd8 37. Nd3 Be7 38. Kf1 Qd7 39. Ke2 Kf8 40. Bd2 Nd4+
41. Kf1 Ke8 42. Be3 Ne6 43. Ke2 Kf8 44. Bc5 Bxc5 45. Nxc5 Nxc5 46. bxc5 Qe6 47.
b4 Qa2+ 48. Kf3 Qa3+ 49. Kf4 Qc1+ 50. Kg3 Qc3+ 51. Kh2 Qd2 52. Kg3 Qc3+ 53. f3
Kg7 54. h4 Qd2 55. Qf4 Qe1+ 56. Kh2 Kg8 57. Qd4 Kh7 58. Qf4 Kg8 59. Qf6 Qxb4 60.
e6 fxe6 61. Qxg6+ Kf8 62. Qf6+ Kg8 63. Qxe6+ Kg7 64. Qe5+ Kg8 65. Qe8+ Kg7 66.
Qe7+ Kg8 67. Qe8+ Kg7 68. Qe5+ Kf8 69. Qf6+ Kg8 70. Qg5+ Kf8 71. Qxh5 Qf4+ 72.
g3 Qd2+ 73. Kh3 b4 74. Qh8+ Kf7 75. Qh7+ Kf6 76. Qb7 Qe1 77. h5 Qe6+ 78. Kh4
Qc4+ 79. f4 Qd5 80. Qxb4 Qh1+ 81. Kg4 Qd1+ 82. Kh3 Qh1+ 83. Kg4 Qd1+ 84. Kh3
Qh1+ 85. Kg4 Qd1+ 1/2-1/2

[Event "9th Sinquefield Cup 2022"]
[Site "Saint Louis USA"]
[Date "2022.09.11"]
[Round "9.1"]
[White "Mamedyarov,S"]
[Black "Aronian,L"]
[Result "1/2-1/2"]
[WhiteTitle "GM"]
[BlackTitle "GM"]
[WhiteElo "2757"]
[BlackElo "2759"]
[WhiteFideId "13401319"]
[BlackFideId "13300474"]
[EventDate "2022.09.02"]

1. d4 Nf6 2. c4 e6 3. Nc3 Bb4 4. Qc2 d5 5. cxd5 exd5 6. Bg5 h6 7. Bh4 c5 8. dxc5
g5 9. Bg3 Ne4 10. e3 Qa5 11. Rc1 Nc6 12. Bd3 Nxg3 13. hxg3 d4 14. exd4 Nxd4 15.
Qd2 Bxc5 16. Nf3 Nxf3+ 17. gxf3 Be6 18. O-O O-O-O 19. Qe2 Kb8 20. Qe5+ Ka8 21.
Nb5 Bd6 22. Qe3 Rhe8 23. Nxd6 Rxd6 24. Bc4 Qb6 25. Bxe6 Qxe3 26. fxe3 Rdxe6 27.
e4 g4 28. fxg4 Rxe4 29. Rxf7 Rxg4 30. Kf2 a6 31. Rcc7 Rb4 32. b3 Re5 33. Rf4 Rb6
34. Rcc4 Ka7 35. Rc7 Ra5 36. Rc2 Re5 37. Rc7 Ra5 38. Rc2 Re5 39. Rc7 1/2-1/2

[Event "9th Sinquefield Cup 2022"]
[Site "Saint Louis USA"]
[Date "2022.09.11"]
[Round "9.2"]
[White "So,W"]
[Black "Dominguez Perez,L"]
[Result "1/2-1/2"]
[WhiteTitle "GM"]
[BlackTitle "GM"]
[WhiteElo "2771"]
[BlackElo "2745"]
[WhiteFideId "5202213"]
[BlackFideId "3503240"]
[EventDate "2022.09.02"]

1. d4 d5 2. c4 dxc4 3. Nf3 Nf6 4. e3 e6 5. Bxc4 c5 6. O-O Nc6 7. Nc3 a6 8. dxc5
Qxd1 9. Rxd1 Bxc5 10. Bd2 O-O 11. Rac1 Bd7 12. Be2 Rfd8 13. Na4 Ba7 14. Nc5 Bxc5
15. Rxc5 Ne4 16. Rcc1 Nxd2 17. Nxd2 Ne7 18. Nb3 Ba4 19. Rxd8+ Rxd8 20. Nc5 Rc8
21. Kf1 b6 22. Nd3 Rxc1+ 23. Nxc1 a5 24. Nd3 Kf8 25. Ke1 Nf5 26. Ne5 Nd6 27. Nc4
Nxc4 28. Bxc4 Ke7 29. Kd2 Bc6 30. g3 e5 31. f4 f6 32. a3 h6 33. h4 Kd6 34. b4
axb4 35. axb4 Be4 36. Bb3 Bc6 37. Bc4 Be4 38. Bb3 Bc6 39. Bc4 1/2-1/2

[Event "9th Sinquefield Cup 2022"]
[Site "Saint Louis USA"]
[Date "2022.09.11"]
[Round "9.3"]
[White "Nepomniachtchi,I"]
[Black "Niemann,Hans Moke"]
[Result "1/2-1/2"]
[WhiteTitle "GM"]
[BlackTitle "GM"]
[WhiteElo "2792"]
[BlackElo "2688"]
[WhiteFideId "4168119"]
[BlackFideId "2093596"]
[EventDate "2022.09.02"]

1. c4 e5 2. Nc3 Bb4 3. Nd5 Be7 4. d4 exd4 5. Qxd4 Nf6 6. Nxe7 Qxe7 7. Bg5 Nc6 8.
Qc3 d6 9. Nf3 Be6 10. g3 h6 11. Bxf6 Qxf6 12. Qxf6 gxf6 13. Nd2 d5 14. Bg2 dxc4
15. Bxc6+ bxc6 16. O-O-O c3 17. bxc3 Ke7 18. Kc2 Rhb8 19. Rb1 Rb6 20. c4 Ra6 21.
Rb2 Rg8 22. h4 Ra4 23. Kc3 Rg4 24. Kb3 Ra5 25. Rc2 Rb5+ 26. Kc3 Rc5 27. Kb2 Re5
28. e3 Rf5 29. Rf1 Rg8 30. Kc3 Ra5 31. Rb1 Rg4 32. Rb4 c5 33. Rb7 Kd7 34. Rb8
Ra3+ 35. Kb2 Ra6 36. Rh8 Ra4 37. a3 f5 38. Rc3 Ke7 39. Rb8 Ra6 40. Kc2 Rb6 41.
Ra8 Ra6 42. Kb2 Rb6+ 43. Kc1 Ra6 44. Kc2 Bd7 45. Kb2 Be6 46. Rh8 Rd6 47. Kc1 Bd7
48. Nb3 Ba4 49. Nxc5 Rd1+ 50. Kb2 Rd2+ 51. Kb1 Rd1+ 52. Kb2 Rd2+ 53. Kb1 Rd1+
54. Kb2 Rd2+ 1/2-1/2